00349nam a2200145Ia 4500008004100000020001800041041000800059082001500067100002200082245003200104260002100136300000800157365001600165700002200181230718s9999 xx 000 0 und d a9781107439870 aeng a681.2bKRI aKrishnamachari B. aNetworking Wireless Sensors c2014bCambridge  a202 cRs.b495.00 aKrishnamachari B.